Gezeichnete Fußballspieler erkennen - Statistiken

Allgemein
  • Dieses Quiz wurde 251 mal gespielt
  • Das Durchschnittsergebnis liegt bei 18 aus 24
Antwortstatistiken
Bildquiz Antwort % Korrekt
Lionel Messi
100%
Ronaldo Nazario
96%
Arjen Robben
94%
Cristiano Ronaldo
93%
Gianluigi Buffon
92%
Paul Pogba
89%
Rudi Völler
87%
Toni Kroos
86%
Thierry Henry
82%
Wayne Rooney
81%
Zinedine Zidane
81%
Luis Suarez
80%
Paolo Maldini
80%
Paulo Dybala
78%
Zlatan Ibrahimovic
76%
Robin van Persie
73%
Steven Gerrard
69%
David Beckham
64%
Xherdan Shaqiri
60%
Luis Figo
58%
Frank Lampard
52%
Xabi Alonso
36%
Michael Owen
29%
Lothar Matthäus
24%
Keine übereinstimmenden Quizze gefunden
Verteilung der Resultate
Anzahl Personen mit jedem Resultat
Perzentil nach korrekt beantworteten Fragen
Ihre Resultats-Entwicklung
Sie haben dieses Quiz noch nicht gespielt